Young Sheldon: Characters - Statistics

General Stats
  • This quiz has been taken 1,277 times
    555 since last reset
  • The average score is 16 of 40
Answer Stats
Actor Character % Correct
Iain Armitage/Jim Parsons Sheldon
99%
Reagan Revord Missy
98%
Montana Jordan Georgie
96%
Lance Barber George
95%
Zoe Perry Mary
93%
Annie Potts Meemaw/Connie
90%
Emily Osment Mandy
75%
Wyatt McClure Billy
69%
Mckenna Grace Paige
64%
Matt Hobby Jeff
63%
Wallace Shawn John /Dr.Sturgis
63%
Melissa Peterman Brenda
58%
Ryan Phuong Tam
57%
Craig T. Nelson Dale
53%
Isabel May Veronica
47%
Dan Byrd Rob
45%
Will Sasso Jim
33%
Ed Begley Jr. Mr.Linkletter/Grant
31%
Mayim Bialik Amy
27%
Rachel Bay Jones Audrey
26%
Billy Gardell Herschel
24%
Reba McEntire June
23%
Rex Linn Principal Peterson/Tom
23%
Wendie Malick Ms. Hagemeyer/Linda
21%
Nancy Linehan Charles Peg
21%
Ava Allan Jana
20%
Brian Stepanek Hubert /Mr.Givens
19%
Andrea Anders Linda
18%
London Cheshire Marcus
17%
Jason Alexander Mr.Lundy/Gene
17%
Isabella and Zariah Booko Cece
16%
Doc Farrow Coach Wilkins
15%
Richard Kind Ira
14%
Bob Newhart Professor Proton
13%
Mary Grill Officer Robin
13%
Sarah Baker Sheryl / Ms.Hutchins
9%
Valerie Mahaffey Ms.MacElroy
7%
Taylor Spreitler Sam
6%
Danielle Pinnock Ms.Ingram
5%
Nick Alvarez Derek
3%
No matching quizzes found
Score Distribution
Percent of People with Each Score
Percentile by Number Answered
Your Score History
You have not taken this quiz since the last reset